Interacción sísmica suelo-estructura en edificaciones con plateas de cimentación (Registro nro. 23046)

Detalles MARC
000 -Cabecera
Campo de control interno 00455nam a2200169Ia 4500
005 - Fecha y hora del registro
control field 20260414150911.0
008 - Elementos de Longitud Fija
fixed length control field 260414t2017||||xx |||||||||||||| ||spa||
041 ## - Idioma
Codigo Idioma ESP
082 ## - DEWEY y NOTACIÓN INTERNA
Dewey 624.1762
Notación Interna V66 2017
100 ## - AUTOR
Autor denominación Villarreal Castro, Genner
Término de relación autor
245 #0 - TÍTULO DE MATERIAL BIBLIOGRÁFICO
Título Interacción sísmica suelo-estructura en edificaciones con plateas de cimentación
Título paralelo
260 ## - CIUDAD, EDITORIAL, AÑO
Año 2017
650 ## - TEMAS
Temas
654 ## - PROGRAMAS
Programa Dpto. de Ingeniería Civil
942 ## - ELEMENTOS DE KOHA
Tipo de documento Libro
Nombre del creador Justo Noguera
Código de catalogador Justo Noguera
Esquema de clasificación Dewey Decimal Classification
Suppress in OPAC
Existencias
Codigo completo Registro Colección Copia número Disponibilidad Tipo de préstamo Biblioteca Actual Procedencia (Biblioteca) Ubicacón Fecha Ingreso Tipo de Adquisición Date last seen Total checkouts Price effective from Tipo de Item Estado del Material Damaged status Withdrawn status
624.1762 V66 2017 1059936 Universidad Católica San Pablo 1 Disponible Disponible Víctor Andrés Belaunde Víctor Andrés Belaunde Segundo piso 14/04/2026 Donación 14/04/2026   14/04/2026 Libro Bueno